LEADER 02312nam 2200457z- 450 001 9910557492703321 005 20230221122734.0 035 $a(CKB)5400000000042904 035 $a(oapen)https://directory.doabooks.org/handle/20.500.12854/78475 035 $a(EXLCZ)995400000000042904 100 $a20202202d2012 |y 0 101 0 $acat 135 $aurmn|---annan 181 $ctxt$2rdacontent 182 $cc$2rdamedia 183 $acr$2rdacarrier 200 10$aLa dictadura franquista$eLa institucionalització d?un règim 210 $cPublicacions i Edicions de la Universitat de Barcelona$d2012 215 $a1 electronic resource (826 p.) 225 1 $aCol·lecció Centre d'Estudis Històrics Internacionals (CEHI-UB) 311 $a84-9168-713-0 330 $aLa recerca sobre el franquisme continua revelant-nos, en ple segle XXI, dades i fets insospitats. A l?abril del 2010, els investigadors que van participar en el congrés «La dictadura franquista: la institucionalització d?un règim», organitzat pel Centre d?Estudis Històrics Internacionals (CEHI), van avançar en la recuperació de la memòria col·lectiva de l?època franquista, especialment en els inicis de la implantació del nou règim. L?interès del congrés no sols va raure en el perfil dels ponents, els principals historiadors del període, sinó també en el contingut de les comunicacions dels nombrosos investigadors que hi van participar, de les quals presentem una selecció. És per això que aquesta obra, que aplega tant les ponències com les comunicacions del congrés, representa una de les aportacions més valuoses a la historiografia sobre la dictadura. 517 $aDictadura franquista 606 $aHistory$2bicssc 606 $aPolitics & government$2bicssc 610 $aFranquisme 610 $aGovern 610 $aPolítica social 610 $aPolítica exterior 610 $aEstructura social 610 $aCatalunya 610 $aEspanya 615 7$aHistory 615 7$aPolitics & government 700 $aSegura$b Antoni$4auth$01326158 702 $aMayayo i Artal$b Andreu$4auth 702 $aAbelló i Güell$b Teresa$4auth 906 $aBOOK 912 $a9910557492703321 996 $aLa dictadura franquista$93039080 997 $aUNINA LEADER 01322nam a22002771i 4500 001 991002235939707536 005 20030513140241.0 008 030925s1981 fi a||||||||||||||||eng 020 $a9516486916 035 $ab12260964-39ule_inst 035 $aARCHE-030855$9ExL 040 $aBiblioteca Interfacoltà$bita$cA.t.i. Arché s.c.r.l. Pandora Sicilia s.r.l. 082 04$a634.95 100 1 $aEkman, Rainer$0452843 245 10$aAssociation between some silvicultural, physical, and chemical properties of Picea Abies and spread of Fomes Annosus /$cby Rainer Ekman and Kim von Weissenberg 260 $aÅbo :$bÅbo Akademis Förlag,$c1981 300 $a22 p. :$bill. ;$c25 cm 440 0$aActa Academiae Aboensis.$nSeries B,$pMathematica et physica ;$v41/2 650 4$aScienze forestali$xSelvicoltura 700 1 $aWeissenberg, Kim :$cvon$eauthor$4http://id.loc.gov/vocabulary/relators/aut$01358508 907 $a.b12260964$b02-04-14$c08-10-03 912 $a991002235939707536 945 $aLE002 D Ann. 914/I 62$g1$i1002000008191$lle002$o-$pE0.00$q-$rl$so $t0$u0$v0$w0$x0$y.i12651369$z08-10-03 996 $aAssociation between some silvicultural, physical, and chemical properties of Picea Abies and spread of Fomes Annosus$93368773 997 $aUNISALENTO 998 $ale002$b08-10-03$cm$da $e-$feng$gfi $h0$i1